000 01505nam a2200253Ia 4500
003 Ost
005 20260507075401.0
008 260507s9999||||xx |||||||||||||| ||und||
020 _a181246995797
040 _cfsecg
041 _aara
082 _a600
100 _aالججاوي، طلال محمد علي
_eمؤلف
245 0 _aنظم المعلومات المحاسبية وفاعليتها في ظل الدور الإستراتيجي لمنظمات الأعمال /
_c طلال محمد علي الججاوي
260 _aعمان:
_bدار اليازوري العلمية للنشر والتوزيع,
_c2014
300 _a176 صفحة؛
_bإيضاحات ؛
_c25 سم
504 _aالمصادر ص.157
520 _aمدخل الى نظام المعلومات المحاسبية، الدور الإستراتيجي للمحاسبة وعلاقتها بنظام المعلومات المحاسبية، تقويم فاعلية نظام المعلومات المحاسبية في المنظمات الأعمال، عينة البحث، واقع نظام المعلومات المحاسبية في الشركة، أثر فاعلية نظام المعلومات المحاسبية في تقويم أداء الشركة
653 _aالمحاسبة الآلية
653 _aالمحاسبة الإدارية
653 _aنظم المعلومات- المؤسسة الممتدة
700 _aالجبوري، فؤاد عبد المحسن
_eمؤلف ثانوي
942 _cكتاب
999 _c44278
_d44278